Statistiques concernant Noms de pays dans le titre des chansons

Cliquez ici pour prendre le quiz!

Statistiques générales

  • Ce quiz a été pris 171 fois
  • Le résultat moyen est 7 sur 20

Statistiques - réponses

InterprèteTitrePays% Correct
Line RenaudMa cabane au ....Canada
79%
Michel PolnareffLettre à ....France
79%
MadonnaDon't cry for me ....Argentina
66%
Charles AznavourPour toi ....Arménie
66%
Michel SardouJ'habite en ....France
64%
LilicubVoyage en ....Italie
57%
Patricia KassD' ....Allemagne
44%
Jacques DutroncMerde in ....France
43%
Martin CircusJe m'éclate au ....Sénégal
41%
AlphavilleBig in ....Japan
34%
Serge LamaMourir en ....France
29%
Hélène SegaraLes vallées d' ....Irlande
20%
Michel SardouPense à l'....Italie
19%
Joe DassinIl faut naître à ....Monaco
17%
Serge LamaL' ....Algérie
15%
Pierre PerretComment c'est la ....Chine
9%
Claude BarzottiLa maison d' ....Irlande
8%
Bobby LapointeJe suis né au ...Chili
7%
Michel SardouLe ..... n'est plus ce qu'il étaitParaguay
3%
Ella FitzgeraldA night in .....Tunisia
3%

Distribution des résultats

Percentile par nombre de réponses

% des personnes avec chaque résultat

Votre développement - résultats

Vous n’avez pas pris ce quiz